Geórgia - Statistics

Estatísticas Gerais
  • Esse quiz foi jogado 6 vezes
  • A pontuação média é 3 de 11
Estatísticas das Respostas
Hint Resposta % Correto
Onde fica? Ásia
100%
Qual é o seu código ISO? GEO
80%
Qual é o desporto mais popular? Futebol
60%
De que país é independente? União Soviética
60%
Qual é o seu idioma? Georgiano
40%
Qual é o seu prato típico? Ajika
0%
Qual é o seu ponto mais alto? Chkhara
0%
Qual é a sua moeda? Lari
0%
Como se chama a faixa que divide o país a meio? Likhi
0%
Qual é a sua capital? Tebilíssi
0%
Qual é a sua atividade económica? Vinicultura
0%
Nenhum quiz correspondente encontrado
Distribuição das Pontuações
Porcentagem de Pessoas com Cada Pontuação
Percentil de Números Respondidos
Sua Pontuação Histórica
Você não jogou esse quiz